000 03483nam a2200421 i 4500
001 155388
003 ES-MaACL
005 20250830063107.0
008 931025e1789 sp |r 001 0 spa
040 _cES-MaACL
080 _a572
080 _a113/119
080 _a57"17"
080 _a37"17"
100 1 _aHervás, Lorenzo,
_d1735-1809
_eaut
_963423
245 1 0 _aHistoria de la vida del hombre.
_nTomo primero.
_pConcepción, Nacimiento, Infancia y Niñez del Hombre /
_csu autor el abate don Lorenzo Hervás y Panduro, Sócio de la Real Académia de las Ciencias y Antigüedades de Dublin, y de la Etrusca de Cortona
246 1 _aConcepción, nacimiento, infancia y niñez del hombre
260 _aMadrid :
_ben la imprenta de Aznar,
_c1789
300 _a[8], XV-XXXII, 379 páginas, [1] en blanco ;
_c
500 _aÍndice
505 0 _aConcepcion del Hombre, y su estado basta su nacimiento: Carácter, ó breve idea del Hombre; Concepcion del Hombre; Formación de varios fetos; quál de estos sea el primogénito; y si es posible la superfetacion; Tiempo que el feto humano se detiene en el seno materno; Abortos; Alimento y respiración del feto en el seno materno; Descripcion del feto en el seno materno; Conducta de vida que debe observar la muger que está en cinta. Bautismo del feto antes de nacer; Infancia del Hombre: Nacimiento del Hombre. Casas de parto, y de niños expósitos. Providencia admirable de la proporción en el número de varones y de hembras; Sobre la semejanza ú desemejanza de los hijos á sus padres; Monstruos humanos; No consta que en la especie humana haya habido hermafrodíta alguno; Mortandad de infantes; conducta que se debe tener con ellos desde su nacimiento hasta el tercer mes de su edad; Tiempo en que el infante empieza á manifestar su racionalidad; salida de sus primeros dientes; y conducta en criarle desde el quarto mes de su vida hasta los dos años de su edad; Tiempo en que el infante empieza á hablar; si hay idióma natural al Hombre; y sobre la diversidad de idiómas; Enfermedades del infante; Educacion del hombre en todo el tiempo de la infancia; Niñéz del hombre: Educacion del hombre en la niñéz; Sobre la educación privada ó pública del Hombre en la niñéz; Si se debe usar el castigo con los niños; y de algunos medios suaves para empeñarlos en el cumplimiento de sus deberes; De los exercicios propios de la niñéz, en las horas de recreación; Habilidades caballerescas que deben aprender los niños de familias nobles, ó civiles acomodadas; Educacion de la muger en su niñéz
530 _aDisponible en formato digital
596 _aMarca tipográfica en portada
597 _aSign.: [ ]4, e4, A-Z4, 2A-AZ4, 3A4, 3B2.
597 _aAnteportada
599 _aLa h. de grab. calc.: "Rome Dominic Cardelli del." es retrato del autor.
650 4 _aHombre
_913451
650 4 _aAntropología filosófica-
_vObras anteriores a 1800
_9147426
650 4 _aBiología-
_vObras anteriores a 1800
_9157398
650 4 _aEducación-
_vObras anteriores a 1800
_912084
700 1 _aAznar, Pantaleón,
_dfl. 1766-1797
_eprm
_9125767
752 _aEspaña -
_dMadrid
852 4 _aES-MaACL
_cDEPO
_dOlim: G-2562-68
_jR-822-28
_xPasta española
856 4 _uhttps://bdh-rd.bne.es/viewer.vm?id=0000175780&page=1
_yVersión en línea
_z(Biblioteca Digital Hispánica)
942 _cMONANT
_n0
999 _c155388
_d155388